| 000 | 00665nam a2200217 i 4500 | ||
|---|---|---|---|
| 001 | 145840 | ||
| 003 | ES-MaACL | ||
| 005 | 20250808231507.0 | ||
| 007 | t| | ||
| 008 | 071017s1973 sp ||||1| spa d | ||
| 020 | _a84-292-8251-3 | ||
| 100 | 1 |
_aVergez Sánchez, Mercedes. _9114115 |
|
| 245 | 1 | 3 |
_aEl derecho de las cooperativas y su reforma / _cMercedes Vergez Sánchez. |
| 260 |
_aMadrid : _bRevista de Occidente, _c[1973] |
||
| 300 |
_a150 p. ; _c20 cm. |
||
| 490 | 1 | _aMonografías Cívitas | |
| 650 | 7 |
_aDerecho cooperativo _2embne _9154802 |
|
| 830 | 1 | 0 |
_aMonografías Civitas _9178627 |
| 852 |
_aES-MaACL _jE-4430 |
||
| 999 |
_c145840 _d145840 |
||